000 00573nam a2200193Ia 4500
005 20250508165410.0
008 008 250505s9999 xx 000 0 eng d
037 _aDissertations
040 _aFEDL
_beng
_cFEDL
041 _aeng
_2eng
084 _a370.19, ANK/DI
_qFEDL
100 _aAnkita
245 0 _aUnderstanding cultural reproduction and schooling in Indian context
260 _c2014
300 _aiii, 64p.
546 _aM.Ed. Dissertation, (Delhi University); C D Included
942 _cDIS
_h370.19, ANK/DI
999 _c1394893
_d1394893